000 00203 a2200097 4500
001 14763
100 _aCampbell
245 _aThe middle east
260 _aNew York
_bArno press
_c
090 _c11542
_d11542
942 _aNUST-CAE
_cM
_c1717
999 _c249836
_d249836